000 00853nas1a22002651i 4500
001 RU\NLR\INFOCOMM31\5000108094
005 20240725210719.0
035 _a(NLR Aleph) 002448343
090 _a2139888
_c2139888
100 _a20050210c1907 |||y0rusy50 ca
101 0 _arus
102 _aRU
110 _aayuzz 0|y|
200 1 _aЖенщина-гражданка
210 _aСПб.
_d1907-1908
300 _aТакже м/ф
309 _aПечатается в журн. Женщина 1907/1908 №...
488 0 _12001#$aЖенщина
_tЖенщина
801 1 _aRU
_bInfoComm
_c20050210
801 0 _aRU
_bNLR
_gPSBO
852 _aNLR
_j1/119
942 _cJOURNAL
980 _aRUSPER